|
|
|
|
| LEADER |
00924nam a2200253 a 4500 |
| 001 |
000598768 |
| 003 |
CZ BrMZK |
| 005 |
20131025155555.0 |
| 007 |
ta |
| 008 |
020506s1966 xo f hun d |
| 040 |
|
|
|a BOA001
|b cze
|c BOA001
|
| 041 |
1 |
|
|a hun
|h cze
|
| 100 |
1 |
|
|a Flos, František,
|d 1864-1961
|7 jk01031466
|4 aut
|
| 245 |
1 |
0 |
|a Prémvadászok :
|b kalendos regény a kanadai trapperek és farmerek életáböl /
|c František Flos ; Zdeněk Burian illusztrác ; a cseh ered, címe fordít. Zólyomi Antal
|
| 250 |
|
|
|a 1. kiad.
|
| 260 |
|
|
|a Bratislava :
|b Tatran,
|c 1966
|
| 300 |
|
|
|a 295 s.
|
| 500 |
|
|
|a Přeloženo z češtiny
|
| 700 |
1 |
|
|a Zólyomi, Antal,
|d 1902-1986
|7 mzk2010473998
|4 trl
|
| 700 |
1 |
|
|a Burian, Zdeněk,
|d 1905-1981
|7 jk01020396
|4 ill
|
| 765 |
0 |
|
|t Lovci kožišin
|9 Maďarsky
|
| 910 |
|
|
|a BOA001
|b 2-0560.334
|
| 990 |
|
|
|a BK
|
| 996 |
7 |
|
|b 2619025674
|c 2-0560.334
|l HP2
|r DEN
|n 0
|w 000598768
|u 000010
|a 1
|e BOA001
|j MZK50
|s A
|